| 000 | 00425cam a2200169ua 4500 | ||
|---|---|---|---|
| 020 | _cRs.1.25 | ||
| 041 |
_amal _h |
||
| 082 |
_a894.81209 _bVAR/AS |
||
| 100 | _aVarier, P.A . | ||
| 245 |
_aAshtamangalyam / _cVarier. _hTextual Documents |
||
| 260 |
_a : _bSahitya Parishad Co Operative Society Limited , _c1960. |
||
| 300 | _a116 ; . | ||
| 365 | _aRs.1.25 | ||
| 504 | _a | ||
| 942 | _cBK | ||
| 999 |
_c12004 _d12004 |
||